000 00860nam a2200241 i 4500
001 184026
003 ES-MaACL
005 20250822022520.0
008 150223s2013 sp | |||||||| | spa d
020 _a978-84-155-4194-3
080 _a616.89-008.47/.481
080 _a376.1-056.14
100 1 _aFreire, Heike.
_9152133
245 1 0 _a¿Hiperactividad y déficit de atención? :
_botra forma de prevenir y abordar el problema /
_cHeike Freire.
250 _a1ª ed.
260 _a[Barcelona] :
_bRBA Integral,
_c2013.
300 _a189 p. ;
_c22 cm.
650 7 _aTrastornos por déficit de atención con hiperactividad
_2embne
_9156421
650 _aNiños con trastornos por déficit de atención-
_xEducación.
_9156422
852 _aES-MaACL
_jA-13401
_9190992
_bR.150252
_cDEPO1
_dOlim: N-6401
942 _2udc
_cMONOGRAFIA
999 _c184026
_d184026